| 000 | 01034nam a2200289 i 4500 | ||
|---|---|---|---|
| 001 | 000031036 | ||
| 003 | DO-SdBNP | ||
| 005 | 20250519102418.0 | ||
| 007 | ta | ||
| 008 | 110610s1956 dr 000 0 spa d | ||
| 040 |
_aDO-SdBNP _bspa _cBNPHU _erda |
||
| 041 | _hspa | ||
| 082 | 4 |
_a972.93053 _bR175c _222 |
|
| 100 | 1 |
_aRamos Camacho, Max. _eautor _957525 |
|
| 245 | 1 | 0 |
_a40 Años en Santo Domingo narraciones históricas 1911 a 1953 / _cMax Ramos Camacho. |
| 246 | 1 | 0 | _aCuarenta años en Santo Domingo narraciones históricas 1911 a 1953 |
| 264 |
_aCiudad Trujillo, República Dominicana : _bEditora del Caribe, _c1956. |
||
| 300 |
_a105 páginas ; _c25 cm. |
||
| 336 |
_ardacontent _btexto _2txt |
||
| 337 |
_ardamedia _bsin mediación _2n |
||
| 338 |
_ardacarrier _bvolumen _2nc |
||
| 500 | _aAño del benefator de la p | ||
| 590 | _aInventariado. MAA | ||
| 650 | 7 |
_aRepública Dominicana _xHistoria, 1911-1953 _vRelatos personales _2LEMB _978032 |
|
| 910 | _aInventariado.Validado. Control de calidad MAA | ||
| 942 |
_2ddc _cLBS1 |
||
| 999 |
_c30528 _d30528 |
||